Statistiques concernant Culture G commençant par Q

Cliquez ici pour prendre le quiz!

Statistiques générales

  • Ce quiz a été pris 173 fois
  • Le résultat moyen est 15 sur 30

Statistiques - réponses

DéfinitionsRéponses% Correct
Fermée ou ouverte, chacune d'entre elle est interrogativeQuestion
100%
Province canadienneQuebec
94%
Seul pays a commencer par cette lettreQatar
91%
Synonyme de file d'attenteQueue
86%
Adverbe de temps résonnant comme un chef lieu françaisQuand
80%
Au bowling, un strike pour les faire tomber et c'est gagnéQuilles
80%
Il faut le scanner pour accéder au siteQR Code
79%
Marque de tente canadienneQuechua
75%
Dans Harry Potter c'est un sport tres pratiquéQuidditch
75%
Si le clavier n'est pas AZERTYQWERTY
75%
En Bretagne on est tous frères et sœurs car on a _ _ _ _ _ _ _ (ville bretonne)Quimper
74%
Muscle le plus volumineux du corps humainQuadriceps
65%
A New York, il y a le Bronx, Brooklyn, Manhattan et aussiQueens
62%
En a voir un seul équivaut a 100 kgQuintal
54%
Seule capitale mondialeQuito
52%
Nous c'est le goût tel est leur sloganQuick
49%
Professeur contre les forces du mal dans le premier Harry PotterQuirinus Quirrell
46%
Pilote moto GP français champion du monde en 2021Fabio Quartararo
42%
Plante considérée comme féculents car son constituant majeur est l'amidonQuinoa
37%
Ce qu'il y a de plus raffiné en quelque chose, ce qui est l'essence même de quelque choseQuintessence
30%
On le crie si on a une ligne remplie au lotoQuine
29%
Racine carrée de 774488 / Quatre-vingt-huit
25%
Pâte moelleuse de forme cylindrique pochée dans l'eau bouillanteQuenelle
24%
Marque de surf et snowboard créée en 1969Quiksilver
20%
Mot désignant 3 agrumes assortis ensembleQuartier
16%
Ville d'Iran ou se situe le Sanctuaire de Fatima MasoumehQom
10%
Province de Chine proche du TibetQinghai
3%
Cithare a cordes pincées, proches du luthQanun
1%
Chant sufi du PakistanQawwali
1%
3 villes chinoises dont la population urbaine dépasse le millions d'habitantsQinhuangdao / Qiqihar / Quanzhou
0%

Distribution des résultats

Percentile par nombre de réponses

% des personnes avec chaque résultat

Votre développement - résultats

Vous n’avez pas pris ce quiz